000 00536nam a2200205Ia 4500
005 20250425160817.0
008 250425s9999 xx 000 0 und d
041 _aeng
082 _a623.81
100 _aMUHLERT, HANS FREDRICK
245 0 _aANALYSIS OF FERRO-CEMENT IN BENDING
250 _aS.E.
260 _aEstados Unidos
_bSOCIETY OF NAVAL ARCHITECTS AND MARINE ENGINEERS
_c1969
260 _aMONTREAL
300 _a86
650 _aARQUITECTURA NAVAL
650 _aBARCOS-CONSTRUCCION
942 _c01
010 _a5832
999 _c196594
_d196594